Normal view
MARC view
- Md . Mainuddin Khan
Entry Personal Name
001 - CONTROL NUMBER
- control field: 4528
003 - CONTROL NUMBER IDENTIFIER
- control field: OSt
005 - DATE AND TIME OF LATEST TRANSACTION
- control field: 20220301115550.0
008 - FIXED-LENGTH DATA ELEMENTS
- fixed length control field: 220301|| aca||aabn | a|a d
040 ## - CATALOGING SOURCE
- Original cataloging agency: OSt
- Transcribing agency: OSt
100 ## - HEADING--PERSONAL NAME
- Personal name: Md . Mainuddin Khan
670 ## - SOURCE DATA FOUND
- Source citation: Work cat.: (OSt)1202: Md . Mainuddin Khan , Advanced accounting (Vol-1-2 ), 2000
